000 00609nam a2200217 a 4500
001 BRCA_3668
005 20190320204356.0
008 010909s1959----enka---###---#000-0#eng-#
041 _aeng
044 _aenk
050 4 _aN1080
_b.A44 1959
100 1 _aAlley, Ronald
_99524
245 1 0 _aThe foreign paintings, drawings and sculpture
_cby Ronald Alley.
260 _aLondon
_bTate Gallery
_c1959
300 _a295 p.
_bil., 56 láminas (algunas a color)
_c32 cm.
500 _aB321
650 1 4 _aArte
_zLondres
_99372
650 1 4 _aGalerías y museos
_zInglaterra
_99525
902 _aGFM
942 _2lcc
_cB
999 _c3400
_d3400